000 00722nam a2200217 i 4500
001 172529
003 ES-MaACL
005 20230906214938.0
008 090715s1971 sp |||| | fre d
017 _aPM 1059-1968
080 _a821.133.1-992"18"
080 _a929 Sand, George
080 _a913(460.32 Mallorca)"18"
100 1 _aSand, George,
_d1804-1876
_9103060
245 1 0 _aUn hiver à Majorque /
_c[George Sand].
260 _aPalma de Mallorca :
_bEdiciones La Cartuja,
_c1971.
300 _a192 p. [10] p. de lám. :
_bil. ;
_c19 cm.
651 4 _aMallorca-
_xDescripción.
_9141087
852 _aES-MaACL
_jE-12848
_9R.139372
_z.- Biblioteca Jacinto Martínez Lacalle
999 _c172529
_d172529